000 00395nam a2200169Ia 4500
005 20250423101140.0
008 250422s9999 xx 000 0 und d
020 _a0861245431
050 _aBX 6.5 .A44/
245 4 _aThe American churches
260 _aGreenwich
260 _bBrompton
260 _c1989
300 _a190 p
650 _aChristain Dinominations - American
942 _cBK
999 _c35440
_d35440